1649 1953 1353 1875 1671 1406 1609 1523 1741 1676 1181 1098 1847 1083 1821 1466 1680 1857 1967 1304 1768 1119 1894 1291 1467 1663 1552 1943 1366 1149 1025 1657 1033 1739 1245 1637 1754 1389 1398 1281 1647 1514 1706 1596 1482 1259 1360 1212 1430 1393 1994 1687 1787 1394 1756 1050 1619 1601 1021 1396 1942 1009 1572 1695 1171 1677 1118 1912 1439 1091 1981 1597 1707 1925 1395 1230 1977 1639 1461 1550 1422 1797 1590 1446 1013 1223 1680 1593 1019 1114 1838 1751 1585 1362 1723 1679 1138 1686 1183 BCNSPRNW ULIB Ver.6.0+V

เปลี่ยนเป็นภาษาไทย

Change to English
 แสดงรายละเอียดบรรณานุกรม
  กลับหน้าหลัก

Brief Record : Get Marc (ISO 2709) : E-mail record : QR code < ปิดหน้าต่าง
LEADER : 00000nam 2200000uu 4500
001    13399112379
003     ULIB
008    110809s2548||||th 000 0 tha d
020    9749507797
060 04 QV55^bพ778ย
245 00 ยา =^bThe pill book /^ceditor-in-chief, Harold M.Silverman ; พิสิฐ วงศ์วัฒนะ, แปล
246 31 The pill book
250    พิมพ์ครั้งที่ 3
260    กรุงเทพฯ :^bหมอชาวบ้าน,^c2548
300    16, 1383 หน้า ;^c22 ซม.
591    LIRA มีปี 2548
650  7 ยา^vคู่มือ
650  7 การใช้ยา^vคู่มือ
700 0  พิสิฐ วงศ์วัฒนะ,^eผู้แปล
700 1  Silverman, Harold M.,^eed
945    ^p950^l0^i13962
995    กัณชพร
999    กัณชพร
รายการนี้ยังไม่มีแท็ก
คุณยังไม่ได้ล็อกอิน คุณสามารถมีกิจกรรมร่วมกับเว็บไซต์ได้ แต่ต้องล็อกอินก่อน ::
  ล็อกอิน

รายการสื่อสารสนเทศ

ลำดับที่ ประเภท เลขเรียก/บาร์โค้ด สถานที่ สถานะ
- ไม่พบข้อมูล -

BibComment


ยังไม่เคยถูกคอมเมนท์

คอมเมนท์ทรัพยากรรายการนี้
  คอมเมนท์: ยา The pill book..


 Copyright 2026. Bcnsprnw @Library